Dove giocava nel 2010-2011? - Quiz n°24 - Statistics

Statistiche generali
  • Questo quiz è stato fatto 13 volte
  • Il punteggio medio è 8 su 10
Statistiche sulle risposte
Hint Risposta % Corretto
Stevan Jovetić Fiorentina
100%
Danijel Subašić Hajduk Spalato
100%
Xabi Alonso Real Madrid
100%
Diego Perotti Siviglia
100%
Giuseppe Rossi Villarreal
92%
Tomáš Rosický Arsenal
75%
Georginio Wijnaldum Feyenoord
75%
Simon Kjær Wolfsburg
67%
Kieran Trippier Barnsley
58%
Kevin Trapp Kaiserslautern
58%
Nessun quiz corrispondente trovato
Distribuzione punteggi
Percentuale di utenti per punteggio
Percentile per numero di risposta
I tuoi punteggi nel tempo
Non hai fatto questo quiz